How designers think

Αποθηκεύτηκε σε:
Λεπτομέρειες βιβλιογραφικής εγγραφής
Κύριος συγγραφέας: Lawson, Bryan
Μορφή: Βιβλίο
Γλώσσα:English
Δημοσίευση: London : Butterworth Architecture, 1990
Έκδοση:2nd ed.
Θέματα:
Ετικέτες: Προσθήκη ετικέτας
Δεν υπάρχουν, Καταχωρήστε ετικέτα πρώτοι!

MARC

LEADER 00000nam a2200000 i 4500
001 1/64411
008 930930s eng d
020 |a 0-408-50072-7 
035 |a ΛΕΣΒΟΣb10001381  |l 10001381 
040 |a GR-MY-UA  |b gre  |e aacr 
041 0 |a eng 
082 0 |a 721 
100 1 |a Lawson, Bryan. 
245 1 0 |a How designers think /  |c Bryan Lawson 
250 |a 2nd ed. 
260 |a London :   |b Butterworth Architecture,   |c 1990 
300 |a vii, 243 σ.;  |b εικ.;  |c 24 εκ. 
504 |a Περιέχει βιβλιογραφικές παραπομπές (σ. 228-237) και ευρετήριο 
650 0 0 |a Architectural design. 
852 |a INST  |b LESVOS  |e 19930930  |h 745.4 LAW  |p 005100004872  |q 005100004872  |t BK  |y 0 
909 |a Λ  |b 020264